| 000 | 00729cam a2200253 i 4500 | ||
|---|---|---|---|
| 999 |
_c4438 _d4438 |
||
| 001 | 1335653 | ||
| 003 | GZU | ||
| 005 | 20210316094338.0 | ||
| 008 | 790430s1978 nyu 000 1 eng | ||
| 010 | _a 79002284 | ||
| 020 |
_a0394508327 : _c$7.95 |
||
| 040 |
_aDLC _cDLC _dDLC |
||
| 050 | 0 | 0 |
_aPR9390.9 MAR 1990 _bH6 1978 |
| 082 | 0 | 0 | _a823 |
| 100 | 1 |
_aMarechera, Dambudzo. _eauthor |
|
| 245 | 1 | 4 |
_aThe house of hunger : _ba novella & short stories / _cby Dambudzo Marechera. |
| 250 | _a1st ed. | ||
| 260 |
_aNew York : _bPantheon Books, _cc1990. |
||
| 300 |
_a167 p. ; _c22 cm. |
||
| 500 | _aNovel | ||
| 651 | 0 |
_aZimbabwe _xFiction. |
|
| 906 |
_a7 _bcbc _corignew _d1 _eocip _f19 _gy-gencatlg |
||
| 942 |
_2lcc _cBK _h9390.9 _iMAR _kPR |
||